Normal view
MARC view
- Supervisor's Dr. Uzair Khaleeq uz Zaman. Dr. Umar Shahbaz Khan. Lec. Sereen Atif
Entry Personal Name
001 - CONTROL NUMBER
- control field: 73329
003 - CONTROL NUMBER IDENTIFIER
- control field: NUST
005 - DATE AND TIME OF LATEST TRANSACTION
- control field: 20210628205013.0
008 - FIXED-LENGTH DATA ELEMENTS
- fixed length control field: 210628|| aca||aabn | a|a d
040 ## - CATALOGING SOURCE
- Original cataloging agency: NUST
- Transcribing agency: NUST
100 ## - HEADING--PERSONAL NAME
- Personal name: Supervisor's Dr. Uzair Khaleeq uz Zaman. Dr. Umar Shahbaz Khan. Lec. Sereen Atif
670 ## - SOURCE DATA FOUND
- Source citation: Work cat.: (NUST): Talha Zubair Khan. Qazi Mashood ur Rahman. Adeel Shahid Iqbal. Project 73328, PR-SOF-1972-Design and Development of an Automated Can Filling Machine, 2020
